BIBLIOTHÈQUE DE LA MAISON DU MEXIQUE

Logo 1 Logo 2

Vida, proceso y muerte de Abraham González (notice nᵒ 10275)

détails MARC
000 -Sello discográfico
campo de control de longitud fija 00954nam a2200289 4500
005 - Identificación de versión
campo de control 20251017062859.0
035 ## - Otros números de control del sistema
Número de control del sistema 9100
099 ## - fechas locales
Tipo de ítem Koha LIBRO
100 ## - Datos de procesamiento general
Datos de procesamiento general 20031219d1967 m y1spay5003 ba
105 ## - Campo de datos codificados: Material textual, monográfico
Datos codificados de monografía y 001zb
200 1# - Título y mención de responsabilidad
Título propio Vida, proceso y muerte de Abraham González
Designación general del material texto impreso
Primer mención de responsabilidad Francisco R. Almada
210 ## - Publicación, distribución, etc.
Lugar de publicación, distribución, etc. México
Nombre del editor, distribuidor, etc. Talleres Gráficos de la Nación
Fecha de publicación, distribución, etc. 1967
215 ## - Descripción física
Designación de material específico y extensión del ítem 251 p
Dimensiones 23 cm
345 ## - Nota de información de adquisición
Fuente de adquisición/dirección de la suscripción [OBSOLETO] Donación
410 #1 - Series
Título Biblioteca del Instituto Nacional de Estudios Históricos de la Revolución Mexicana
Número de volumen 42
600 ## - Nombre personal usado como materia
Elemento de entrada González Casavantes
Parte del nombre distinta del elemento de entrada Abraham
Fechas 1864-1913
Número Koha 16810
607 ## - Nombre geográfico utilizado como tema
Elemento de entrada México
Subdivisión temática Historia
Subdivisión cronológica Revolución, 1910-
Número Koha 1664
660 ## - Código de área geográfica
Código MX
700 ## - Nombre personal - Responsabilidad primaria
Elemento de entrada Almada Almada
Parte del nombre distinta del elemento de entrada Francisco R.
Fechas 1896-1989
Número Koha 16798
801 #0 - Fuente de origen
Agencia cm
900 ## -
-- 1/5635
900 ## -
-- 7100317397\191203
942 ## - ELEMENTOS DE ENTRADA SECUNDARIOS (KOHA)
Tipo de ítem Koha Livre
996 ## -
-- MEX
-- 751145101
-- MMAG
-- 010917
-- 972.09 A444VI
-- 20240813LIV
Exemplaires
Estatus retirado Estado de daño Estado de pérdida Fecha de adquisición Biblioteca de origen Biblioteca actual Ubicación en estantería Código de barras Precio de reemplazo Signatura topográfica completa No para préstamo Tipo de ítem Koha Nota pública Nota no pública
      05/08/2025 Casa México Paris Casa México Paris   010917 05/08/2025 972.09 A444VI   Livre 20240813LIV 751145101